• 首页
  • 本馆介绍
  • 公告通知
  • 最新文献
  • 馆藏检索
  • 电子资源
  • 读者导购
  • 参考咨询
  • 我的图书馆
  • 登录
  • 详细信息显示
  • 放入我的书架
  • 预约/预借图书
  • 作者相关作品
  • 分类相关作品
  • 丛书相关作品
  • 出版社相关作品

书目信息

  • 表格格式
  • 工作单格式
  • 卡片格式
题名:
退耕还草科学与技术
    
 
作者: 王明玖 , 张英俊 编著
分册:  
出版信息: 北京   化学工业出版社  2004
页数: 363页
开本: 24cm
丛书名: 草业与生态环境建设丛书
单 册:
中图分类: S54
科图分类:
主题词: 牧草--栽培 , 牧草
电子资源:
ISBN: 7-5025-5150-6
000 01058oam2 2200289 450
001 002628390
005 20070807162148.18
010    @a7-5025-5150-6@dCNY36.00
100    @a20040419d2004 em y0chiy0110 ea
101 0  @achi
102    @aCN@b110000
105    @ay z 000yy
106    @ar
200 1  @a退耕还草科学与技术@Atui geng hai cao ke xue yu ji shu@f王明玖,张英俊等编著@Fwang ming jiu, zhang ying jun deng bian zhu
210    @a北京@c化学工业出版社@d2004
215    @a363页@d24cm
225 2  @a草业与生态环境建设丛书@Acao ye yu sheng tai huan jing jian she cong shu
300    @a草业系列图书
330    @a本书共分九章。阐述了我国目前生态环境及其与不合理耕种的关系;介绍了退耕还草地常用草种的特点、草地的建植技术、草地放牧系统的利用和管理以及草产品加工技术等内容。
461  0 @1001002628311@12001 @a草业与生态环境建设丛书
606 0  @a牧草@x栽培
606 0  @a牧草
690    @aS54@v4
701  0 @a王明玖@Awang ming jiu@4编著
701  0 @a张英俊@Azhang ying jun@c(草地学)@4编著
801  0 @aCN@bNLC@c20070807
905    @dS54@e37@f3
    
    退耕还草科学与技术/王明玖,张英俊等编著.-北京:化学工业出版社,2004
    363页;24cm.-(草业与生态环境建设丛书)
    草业系列图书
    
    ISBN 7-5025-5150-6:CNY36.00
    本书共分九章。阐述了我国目前生态环境及其与不合理耕种的关系;介绍了退耕还草地常用草种的特点、草地的建植技术、草地放牧系统的利用和管理以及草产品加工技术等内容。
●
相关链接 在E读中查询图书 在五车中查询图书 在当当中查询图书 在豆瓣中查询图书


正题名:退耕还草科学与技术     索取号:S54/37         预约/预借

序号 登录号 条形码 馆藏地/架位号 状态 备注
1 0850957   208509577   第二样本阅览室/ [索取号:S54/37] 在馆    
2 0850958   208509586   第三借阅区/ [索取号:S54/37] 在馆    
3 0850959   208509595   第三借阅区/ [索取号:S54/37] 在馆    
唐山师范学院图书馆 欢迎您!
大连网信软件有限公司© 版权所有